| 000 | 00000nam 2200000zi 4500 |
| 001 | 9.945282 |
| 003 | CaOODSP |
| 005 | 20250324130959 |
| 006 | m o d f |
| 007 | cr b|||||||||| |
| 008 | 241118s19862703onc ob f000 0 fre d |
| 040 | |aCaOODSP|bfre|erda|cCaOODSP |
| 043 | |an-cn--- |
| 086 | 1 |aCo22-662/1986F-PDF |
| 245 | 04|aLes différentes structures tarifaires pour le service téléphonique local en Amérique du Nord : |brapport final / |cAudien Projects Limited. |
| 264 | 1|aOttawa (Ontario) : |bMinistère des communications, |cle 27 mars 1986. |
| 300 | |a1 ressource en ligne (2 volumes (pagination multiple)) |
| 336 | |atexte|btxt|2rdacontent/fre |
| 337 | |ainformatique|bc|2rdamedia/fre |
| 338 | |aressource en ligne|bcr|2rdacarrier/fre |
| 500 | |aÉdition numérisée de l'imprimé [par Innovation, Sciences et Développement économique Canada]. |
| 500 | |a« CONTRAT NO0GR85-00368. » |
| 504 | |aComprend des références bibliographiques. |
| 505 | 0 |a[V. 1] Rapport final. -- [v. 2] Annexe 5. |
| 650 | 6|aTéléphone|xTarifs|zCanada. |
| 650 | 6|aTélécommunications|xPolitique gouvernementale|zCanada. |
| 710 | 1 |aCanada. |bMinistère des communications, |eorganisme de publication. |
| 775 | 08|tAlternative rate structures for local telephone service in North America : |w(CaOODSP)9.932340 |
| 856 | 40|qPDF|s1.35 Mo|uhttps://publications.gc.ca/collections/collection_2024/isde-ised/co22/Co22-662-1986-1-fra.pdf|z(volume 1) |
| 856 | 40|qPDF|s1.24 Mo|uhttps://publications.gc.ca/collections/collection_2024/isde-ised/co22/Co22-662-1986-2-fra.pdf|z(volume 2) |